Central Library OPAC University of Rajshahi

Shakespeare : (Record no. 55386)

MARC details
000 -LEADER
fixed length control field 00706nam a2200229 a 4500
001 - CONTROL NUMBER
control field 55386
003 - CONTROL NUMBER IDENTIFIER
rucl marc code BD-RjUL
005 - DATE AND TIME OF LATEST TRANSACTION
control field 20211209080246.0
008 - FIXED-LENGTH DATA ELEMENTS--GENERAL INFORMATION
fixed length control field 161117r19681957nyu b 000 0 engm
035 ## - SYSTEM CONTROL NUMBER
System control number (BD-RjUL)55508
040 ## - CATALOGING SOURCE
Original cataloging agency DLC
Transcribing agency HRM
Modifying agency BD-RjUL
-- BD-RjUL
-- BD-RjUL
Language of cataloging eng
041 ## - LANGUAGE CODE
Language code of text/sound track or separate title eng
082 ## - DEWEY DECIMAL CLASSIFICATION NUMBER
Edition number 23
Classification number 822.33
Author mark and year TRS 1968
090 ## - LOCALLY ASSIGNED LC-TYPE CALL NUMBER (OCLC); LOCAL CALL NUMBER (OCLC)
Local cutter number (OCLC) ; Book number/undivided call number, CALL (RLIN) .T78
100 1# - MAIN ENTRY--PERSONAL NAME
Personal name Traversi, Derek,
Dates associated with a name 1912-2005.
9 (RLIN) 163030
245 10 - TITLE STATEMENT
Title Shakespeare :
Remainder of title from Richard II to Henry V /
Statement of responsibility, etc. Derek Traversi
260 ## - PUBLICATION, DISTRIBUTION, ETC. (IMPRINT)
Place of publication, distribution, etc. London :
Name of publisher, distributor, etc. Hollis& Carter,
Date of publication, distribution, etc. c1957 [Reprinted 1968]
300 ## - PHYSICAL DESCRIPTION
Pagination 198 p. ;
Size 23 cm.
504 ## - BIBLIOGRAPHY, ETC. NOTE
Bibliography, etc Bibliographical footnotes.
600 10 - SUBJECT ADDED ENTRY--PERSONAL NAME
Personal name Shakespeare, William,
Dates associated with a name 1564-1616
General subdivision Histories.
942 ## - ADDED ENTRY ELEMENTS (KOHA)
Source of classification or shelving scheme Dewey Decimal Classification
Koha item type Books
Holdings
Lost status Source of classification or shelving scheme Damaged status Not for loan Collection code Permanent Location Current Location Shelving location Date acquired Source of acquisition Cost, normal purchase price Total Checkouts Full call number Date last seen Copy number Koha item type
  Dewey Decimal Classification     Non-fiction Central Library, University of Rajshahi Central Library, University of Rajshahi   11/01/1971 Zeitlinger 45.50   822.33 TRS 1968 17/11/2016 C-2 Books